Guess the Lyrics - 80's #2 - Statistics

General Stats
  • This quiz has been taken 182 times
  • The average score is 130 of 241
Answer Stats
Answer % Correct
I
99%
a
95%
You
88%
you
88%
the
86%
me,
82%
me
82%
we
80%
and
78%
And
78%
to
75%
be
73%
in
71%
are
69%
can
67%
go
67%
is
67%
(No
67%
that
66%
my
65%
know
63%
am
60%
they
59%
They
59%
then
56%
can't
54%
don't
54%
If
52%
all
50%
girl
48%
world
47%
with
46%
But
45%
see
45%
have
44%
them
44%
boy
42%
living
42%
Living
42%
Some
42%
some
42%
just
39%
material
39%
always
37%
now
37%
think
37%
day
35%
right)
35%
Right
35%
right
35%
their
35%
way)
35%
let
34%
they're
34%
give
33%
(That's
33%
That's
33%
that's
33%
boys
32%
Boys
32%
Madonna
32%
away
31%
'Cause
31%
make
31%
Material Girl
29%
Only
29%
come
28%
kiss
28%
has
27%
walk
25%
okay
24%
light
23%
Mr.
23%
hug
22%
after
20%
hard
20%
may
20%
try
20%
cold
17%
dance
17%
cash
16%
made
16%
play
16%
rainy
16%
lie
14%
save
14%
pennies
12%
proper
11%
beg
10%
credit,
10%
everybody's
10%
plead
10%
interest,
9%
Experience
8%
raise
6%
slow
5%
romance,
2%
No matching quizzes found
Score Distribution
Percent of People with Each Score
Percentile by Number Answered
Your Score History
You have not taken this quiz